Rozpoznaj Piosenkę Po Tekście - Statystyki

Ogólne statystyki
  • Ten quiz został rozwiązany 204 razy
  • Średni wynik to 3 z 10
Statystyki odpowiedzi
Tekst Tytuł % Poprawnych
Płyniemy jak rakieta posypana mocna feta,wiatr ciągle wieje w żagle a na horyzoncie Kreta Ona By Tak Chciała
80%
Ląduje tu za każdym razem Noszą mnie na rękach, skaczę w tłum Mówią "roz*ebane", co? Roz**bane Biorę co zakazane, świecimy się jak diament Anioły i Demony
58%
got the horses in the back Horse tack is attached Hat is matte black Got the boots that's black to match Old Town Road
30%
Jak róży cierń Ich słowa ranią nie raz Nie będzie łez Bo wreszcie sprzyja mi czas Ty siostrę masz we mnie aż po kres Wśród krętych dróg nie zgubimy się Bądź pewna, że nie zawiodę Cię (nie, nie) Ramię w Ramię
26%
Pan władza zagląda do spodni, pewnie spodziewa się roślin Chcą zabrać mnie na komisariat ja się pytam czy jesteśmy dorośli? Tak dużo osób to jara, że ciężko jest zrobić im pościg Jakby każdy wyciągnął gibona, to złapać nas w sumie nie ma możliwości THC
21%
Like a starship speeding into the night You and I get lost in the infinite lights Baby, tell me one more beautiful lie One touch and I ignite Ignite
16%
Say, go through the darkest of days Heaven's a heartbreak away Never let you go, never let me down Oh, it's been a hell of a ride Driving the edge of a knife Never let you go, never let me down Let Me Love You
15%
I got that sunshine in my pocket Got that good soul in my feet I feel that hot blood in my body when it drops (ooh) I can't take my eyes up off it, movin' so phenomenally Room on lock, the way we rock it, so don't stop Can't Stop The Feeling
14%
If you want it, take it I should have said it before Tried to hide it, fake it I can't pretend anymore Break Free
13%
We're in this together Hear our hearts beat together We stand strong together We're in this forever This one's for you This one's for you In this together Woah, woah Oooooh This Is One For You
1%
Nie znaleziono quizów pasujących do podanych kryteriów
Rozkład punktacji
Procent ludzi z każdym wynikiem
Percentyl według liczby udzielonych odpowiedzi
Twoja historia wyników
Nie rozwiązałeś tego quizu